000
00263nam a2200121Ia 4500
100
_a
CIMI-DGET
942
_c
BK
245
_a
Tool & Die Maker IIird Year Press Tool ASSIGNMENT/TEST
260
_b
CIMI
_a
Chennai
300
_a
92
546
_a
ENGLISH
999
_c
33109
_d
33109